000
003090000a22001450004500
003
MACL
040
_a
MACL
090
_c
32298
_d
32296
100
_a
Subramaniam, Neela
245
_a
Spectacular Book of Quiz
260
_b
Sura Books
350
_a
70
650
_a
General management
942
_c
BOOK
_k
001/Sub
999
_c
31969
_d
31969